ধ্রুপদ ও খেয়ালের উৎপত্তি ও ক্রমবিকাশ / (Record no. 62814)
[ view plain ]
| 000 -LEADER | |
|---|---|
| fixed length control field | 00880nam a2200241 a 4500 |
| 001 - CONTROL NUMBER | |
| control field | 62814 |
| 003 - CONTROL NUMBER IDENTIFIER | |
| rucl marc code | BD-RjUL |
| 005 - DATE AND TIME OF LATEST TRANSACTION | |
| control field | 20211209081127.0 |
| 008 - FIXED-LENGTH DATA ELEMENTS--GENERAL INFORMATION | |
| fixed length control field | 170126s1971 ii ||||| |||| 00| 0 ben d |
| 020 ## - INTERNATIONAL STANDARD BOOK NUMBER | |
| Terms of availability | : Tk. 10.00 |
| 035 ## - SYSTEM CONTROL NUMBER | |
| System control number | (BD-RjUL)62942 |
| 040 ## - CATALOGING SOURCE | |
| Original cataloging agency | BD-RjUL |
| Language of cataloging | ben |
| Transcribing agency | BD-RjUL |
| 041 ## - LANGUAGE CODE | |
| Language code of text/sound track or separate title | ben |
| 082 ## - DEWEY DECIMAL CLASSIFICATION NUMBER | |
| Edition number | 23 |
| Classification number | 780.95414 |
| Author mark and year | GOD 1971 |
| 100 ## - MAIN ENTRY--PERSONAL NAME | |
| Personal name | গোস্বা্মী, উৎপলা |
| 9 (RLIN) | 171010 |
| 245 10 - TITLE STATEMENT | |
| Title | ধ্রুপদ ও খেয়ালের উৎপত্তি ও ক্রমবিকাশ / |
| Statement of responsibility, etc. | উৎপলা গোস্বা্মী |
| 250 ## - EDITION STATEMENT | |
| Edition statement | ১ম সং. |
| 260 ## - PUBLICATION, DISTRIBUTION, ETC. (IMPRINT) | |
| Place of publication, distribution, etc. | কলিকাতা : |
| Name of publisher, distributor, etc. | ক্লাসিক প্রেস, |
| Date of publication, distribution, etc. | ১৯৭১ |
| 300 ## - PHYSICAL DESCRIPTION | |
| Pagination | [৮], ২০০ পৃ. ; |
| Size | ২৩ সেমি. |
| 650 ## - SUBJECT ADDED ENTRY--TOPICAL TERM | |
| Topical term or geographic name as entry element | সংগীত |
| General subdivision | বেঙ্গল |
| 9 (RLIN) | 186733 |
| Topical term or geographic name as entry element | Music |
| General subdivision | Bengal |
| 9 (RLIN) | 186734 |
| 942 ## - ADDED ENTRY ELEMENTS (KOHA) | |
| Source of classification or shelving scheme | Dewey Decimal Classification |
| Koha item type | Books |
| Lost status | Source of classification or shelving scheme | Damaged status | Not for loan | Collection code | Permanent Location | Current Location | Shelving location | Date acquired | Source of acquisition | Cost, normal purchase price | Total Checkouts | Full call number | Date last seen | Copy number | Koha item type |
|---|---|---|---|---|---|---|---|---|---|---|---|---|---|---|---|
| Dewey Decimal Classification | Not For Loan | Non-fiction | Central Library, University of Rajshahi | Central Library, University of Rajshahi | Reading Room | 01/06/1973 | Mirza Book agency | 10.00 | B 780.95414 GOD 1971 | 26/01/2017 | C-1 | Books |